The mainstream law reports : a monthly legal journal. Volume XVIII /

書目詳細資料
Corporate Authors: Bangladesh. Supreme Court. High Court Division, Bangladesh. Supreme Court. Appellate Division
其他作者: Abu Bakar, Khondaker Muhammad
格式: 雜誌
語言:English
Bengali
出版: Dhaka : Shahanaj Khondaker, 2013.
主題:
LEADER 01298nas a2200325 4500
001 39436
003 BD-DhAAL
005 20250923102710.0
008 150803s2009 bg mr p g w 0 0eng d
040 |a BD-DhAAL  |c BD-DhAAL 
041 0 |a eng  |a ben 
082 0 0 |a 348.5492046 
245 0 4 |a The mainstream law reports :  |b a monthly legal journal.  |n Volume XVIII /  |c edited by Khondaker Md. Abu Bakar. 
246 3 0 |a MLR 
260 |a Dhaka :  |b Shahanaj Khondaker,   |c 2013. 
300 |a v. ;  |c 25 cm 
310 |a Monthly, with an annual cumulation 
362 0 |a Vol. 18 (2013)- 
500 |a Cumulated in an annual bound volume. 
541 |e 29436 
546 |a In English; includes some text in Bengali. 
650 0 |a Law reports, digests, etc.   |z Bangladesh.  |9 5827 
650 0 |a Law   |z Bangladesh   |v Periodicals.  |9 3852 
700 1 |a Abu Bakar, Khondaker Muhammad.  |9 59442 
710 1 |a Bangladesh.   |b Supreme Court.   |b High Court Division.  |9 3854 
710 1 |a Bangladesh.   |b Supreme Court.   |b Appellate Division.  |9 3855 
852 4 |a Ayesha Abed Library  |c General Stacks 
942 |2 ddc  |c BK 
999 |c 35138  |d 35138 
952 |0 0  |1 0  |2 ddc  |4 0  |6 348_549204600000000_MAI  |7 0  |9 55088  |a BRACUL  |b BRACUL  |c REF  |d 2015-08-03  |e Development Book Agency  |g 1200.00  |l 0  |o 348.5492046 MAI  |p 3010029436  |r 2015-08-03  |t 1  |w 2015-08-03  |y 1HOUR